000
00223 a2200097 4500
001
18837
100
_a
Sinha, T P
245
_a
Key to school geometry Part I
260
_a
_b
Tribeni book deptt
_c
1938
090
_c
13956
_d
13956
942
_a
NUST-CAE
_c
M
_c
4398
999
_c
253910
_d
253910